| 000 | 00451nam a22001817a 4500 | ||
|---|---|---|---|
| 003 | OSt | ||
| 008 | 260324b |||||||| |||| 00| 0 eng d | ||
| 020 | _a9798885752336 | ||
| 082 | _a510 VEC | ||
| 100 | _aVERMA,DP | ||
| 245 | _aCalculus the Princess of Mathematics Vol.2 | ||
| 260 |
_aGurugram _bGaruda Prakashan _c2025 |
||
| 300 | _a609p and MISC | ||
| 700 | _aVERMA,Kiran | ||
| 700 | _aPANADIWAL,Jyoti | ||
| 700 | _aVERMA,HC | ||
| 942 |
_2ddc _cREF |
||
| 999 |
_c13884 _d13884 |
||